Główni wokaliści zespołów rockowych - Statystyki

Ogólne statystyki
  • Ten quiz został rozwiązany 47 razy
  • Średni wynik to 8 z 24
Statystyki odpowiedzi
Zespół Wokalista % Poprawnych
Nirvana Kurt Cobain
98%
Queen Freddie Mercury
93%
Guns N' Roses Axl Rose
82%
The Rollings Stones Mick Jagger
70%
U2 Bono
66%
The Doors Jim Morrison
59%
Aerosmith Steven Tyler
57%
Led Zeppelin Robert Plant
48%
Oasis Liam Gallagher
32%
Green Day Billie Joe Armstrong
30%
Hole Courtney Love
30%
The Sex Pistols Johnny Rotten
25%
Pearl Jam Eddie Vedder
23%
The White Stripes Jack White
23%
Coldplay Chris Martin
18%
Van Halen David Lee Roth
16%
R.E.M. Michael Stipe
14%
Talking Heads David Byrne
11%
The Velvet Underground Lou Reed
11%
Radiohead Thom Yorke
11%
The Who Roger Daltrey
9%
Sammy Hagar
9%
The Clash Joe Strummer
5%
Garbage Shirley Manson
0%
Nie znaleziono quizów pasujących do podanych kryteriów
Rozkład punktacji
Procent ludzi z każdym wynikiem
Percentyl według liczby udzielonych odpowiedzi
Twoja historia wyników
Nie rozwiązałeś tego quizu